00378nam a2200109Ia 4500008004100000082001500041100002000056245007400076942000600150952009700156999001500253240331s9999 xx 000 0 und d a303.6bSOM aSomasundaram, D 0aScarred minds :bthe psychological impact of war on Sri Lankan Tamils cL 001040708LaWERCLbWERCLcSSCd2024-03-31l0o 303.6 SOMp2680r2024-03-31w2024-03-31yL c1290d1290